000 00816nas a2200277 4500
001 BR2010001731
003 BR-BrBNA
005 20231205114200.0
007 ta
008 230509b bl.|||p| |||| 00| 00por d
040 _aBR-BrBNA
_bpor
_cBiblioteca Nacional de Agricultura
041 _a(En)
072 _aF06
100 1 _aSotiropoulos, T.
100 1 _aKalfountzos, D.
100 1 _aAleksiou, J.
100 1 _aKotsopoulos, S.
100 1 _aKoutinas, N.
245 1 _aResponse of a clingstone peach cultivar to regulated deficit irrigation
650 _aPÊSSEGO
650 _aFOTOSSÍNTESE
650 _aIRRIGAÇÃO
773 0 _tScientia Agricola (Brazil)
_xISSN 0103-9016
_g(Mar-Apr 2010), v. 67(2) p. 164-169
_wBR2010001731
909 _a202311
_bLúcia
_c55
_dLúcia Elande
942 _2AGRIS
_n0
_cANA
999 _c207472
_d207472